| 000 | 00623nam a2200241 a 4500 | ||
|---|---|---|---|
| 001 | nice12345678 | ||
| 003 | IN_TiNIC | ||
| 005 | 20260116012534.0 | ||
| 008 | 050524s1982 bana grp 000 0 eng | ||
| 020 |
_a _c100 |
||
| 082 | 0 | 0 |
_a070 _bKUM |
| 100 | _aKumar, Ranjit | ||
| 245 | _aNational Directory of Christian | ||
| 260 |
_aBangalore _bNational Writers Association _c1982 |
||
| 300 | _a65p | ||
| 500 | _aincludes index and biblioraphy | ||
| 505 | 2 | _a1.Muharram Namah 2. Hilal-E-Matam | |
| 650 | _aWriters-Christian Directory | ||
| 700 | 1 | _aKumar, Ranjit | |
| 902 | _bRBA | ||
| 942 | _cBK | ||
| 999 |
_c7403 _d7403 |
||